000 01332nam a2200301 a 4500
001 000036280
003 OSt
005 20250710141410.0
008 120112s1993 dr a 000 0 spa d
040 _aDO-SdBNP
_bspa
_cDO-SdBNP
082 _a510
_bB142m 1993
100 1 _aBáez de Erazo, Melba
_937061
245 1 0 _aMatemática básica I /
_cMelba Báez de Erazo, Reyita Taveras de Frías.
250 _a10. ed.
260 _aSanto Domingo :
_bUniversidad Autónoma de Santo Domingo,
_c1993.
300 _a338 p. ;
_c21 cm.
490 1 _aPublicaciones de la Universidad Autónoma de Santo Domingo
_aCiencia y tecnología ;
_v11/281
500 _aIncluye datos biográficos del autora en la contracubierta
505 0 _aContenido:
_tIntroducción a la lógica. --
_tIntroducción a la teoría de conjuntos. --
_tConjuntos numéricos y operaciones. --
_tNúmeros complejos. --
_tEstructuras algebráicas. --
_tEcuaciones e inecuaciones
590 _aInventariado, 2020/VM
650 0 _aMatemáticas
_xProblemas, ejercicios,etc
_91258
650 7 _aTeoría de conjuntos
_xProblemas, ejercicios,etc
_919474
700 1 _aTaveras de Frías, Reyita
_937771
830 0 _aPublicaciones de la Universidad Autónoma de Santo Domingo
_n11/281
_962398
910 _aControl de calidad. EMS
942 _2ddc
_cLBS1
956 _aVMateo
999 _c35771
_d35771